00317nam a2200121Ia 4500008004100000041000800041082001500049100001700064245003700081260003500118300003100153365001100184240624s9999 xx 000 0 und d aeng a300.72 GUP aGUPTA SUDHIR aWORKSHOP ON RESEARCH METHODOLOGY c2011aNew DelhibCentrum Press avii, : 296 : p. : cm. ; 22 cRSb20